000 00356 a2200133 4500
245 _aUnder the tongue
_hprint
020 _a0908311931
650 _aAfrican Literature
005 20191021095606.0
260 _arh
_bBaobab Books
_cc1996
084 _aMLCS 96/01486 (P)
300 _a114 p. : ill.
_b 21 cm.
_c114 p. : ill. ; 21 cm.
500 _aYvonne Vera.
999 _c12432
_d12432